[Event "Hyderabad Singh Ji Memorial"]
[Site "Hyderabad"]
[Date "2023.01.10"]
[Round "1"]
[White "Sathvik, Gulakaram"]
[Black "Chakravarthi, Reddy M"]
[Result "0-1"]
[WhiteElo "1189"]
[BlackElo "2289"]
[PlyCount "110"]
[EventDate "2023.01.10"]
[EventType "swiss"]
[EventRounds "9"]
[EventCountry "IND"]
[SourceTitle "CBM 212 Extra"]
[Source "ChessBase"]
[SourceDate "2023.03.31"]
[SourceVersion "1"]
[SourceVersionDate "2023.03.31"]
[SourceQuality "1"]

1. e4 e6 2. d4 d5 3. Nc3 Nf6 4. e5 Nfd7 5. f4 c5 6. Nf3 Nc6 7. Be3 a6 8. Qd2 b5 9. dxc5 Bxc5 10. Bxc5 Nxc5 11. Qf2 Qe7 12. Nd4 Bd7 13. Nxc6 Bxc6 14. Bd3 0-0 15. 0-0 f6 16. exf6 Rxf6 17. Qe2 b4 18. Nd1 Raf8 19. g3 Nxd3 20. cxd3 g5 21. Qg4 Qg7 22. Ne3 gxf4 23. Qxg7+ Kxg7 24. gxf4 Rg6+ 25. Ng2 d4 26. Rf2 Kf6 27. Kf1 Ke7 28. Rc1 Kd6 29. Ne1 Rg4 30. Rc4 Rf6 31. f5 Rxf5 32. Rxb4 Rff4 33. a3 Bb5 34. a4 Kc5 35. Rb3 Bxa4 36. Ra3 Bb5 37. Nf3 Kd5 38. Ke1 Rg8 39. Nd2 Rxf2 40. Kxf2 Rc8 41. Ke2 Rc2 42. b4 e5 43. Kd1 Rc3 44. Rxc3 dxc3 45. Ne4 Kd4 46. Nc5 Bxd3 47. Nxd3 Kxd3 48. h4 e4 49. b5 axb5 50. h5 e3 51. h6 c2+ 52. Kc1 e2 53. Kb2 e1Q 54. Kb3 Qb1+ 55. Ka3 c1B# 0-1